00726nam a2200241 a 450000100060000000300080000600500170001400800410003103500190007204000320009104100080012308200250013110000140015624500810017025000120025126000460026330000350030935000090034449000460035350000180039965000210041785600460043851085BD-RjUL20211209075616.0160829s1946 enka b 001 0 eng  a(BD-RjUL)51205 aDLCcDLCdDLCdBD-RjULbeng aeng00a515.63223bHAI 196710aHague, B.13aAn introduction to vector analysis for physicists and engineers /c B. Hague a3rd ed. aLondon :bMethuen,c1946 [reprinted 1967] aviii, 121 p. :bill. ;c19 cm. a40/-0 aMethuen's monographs on physical subjects ainclude index 0aVector analysis. 3Methuen's monographs on physical subjects